Disability Discrimination Act 1995 Code of Practice: rights of access, goods, facilities, services and premises (Record no. 101954)

MARC details
000 -LEADER
fixed length control field 00848cam a2200229 4500
008 - FIXED-LENGTH DATA ELEMENTS--GENERAL INFORMATION
fixed length control field 000000n2002 000 0 eng u
020 ## - INTERNATIONAL STANDARD BOOK NUMBER
International Standard Book Number 0117028606
035 ## - SYSTEM CONTROL NUMBER
System control number (Sirsi) u117207
041 ## - LANGUAGE CODE
Language code of text/sound track or separate title eng
050 ## - LIBRARY OF CONGRESS CALL NUMBER
Classification number 346.41013
110 ## - MAIN ENTRY--CORPORATE NAME
Corporate name or jurisdiction name as entry element National Disability Council
9 (RLIN) 2920
245 ## - TITLE STATEMENT
Title Disability Discrimination Act 1995 Code of Practice: rights of access, goods, facilities, services and premises
260 ## - PUBLICATION, DISTRIBUTION, ETC.
Place of publication, distribution, etc. London
Name of publisher, distributor, etc. The Stationery Office
Date of publication, distribution, etc. 2002
350 ## - PRICE (NR) (BK AM CF MU VM SE) [OBSOLETE]
Price 13.95
520 ## - SUMMARY, ETC.
Summary, etc. SUPERSEDES 1999 EDITION
650 ## - SUBJECT ADDED ENTRY--TOPICAL TERM
Topical term or geographic name entry element MANAGEMENT-BUSINESS MANAGEMENT-DISCRIMINATION-DISABILITY DISCRIMINATION-ACCESSIBILITY
650 ## - SUBJECT ADDED ENTRY--TOPICAL TERM
Topical term or geographic name entry element CODES OF PRACTICE
650 ## - SUBJECT ADDED ENTRY--TOPICAL TERM
Topical term or geographic name entry element DISABILITY DISCRIMINATION ACT 1995
690 ## - LOCAL SUBJECT ADDED ENTRY--TOPICAL TERM (OCLC, RLIN)
Topical term or geographic name as entry element LAW-UK
856 ## - ELECTRONIC LOCATION AND ACCESS
Uniform Resource Identifier <a href="https://www.drc-gb.org/law/codes.asp">https://www.drc-gb.org/law/codes.asp</a>
Public note Codes of practice on Disability Rights Commission web site
942 ## - ADDED ENTRY ELEMENTS (KOHA)
Suppress in OPAC 0
Holdings
Withdrawn status Lost status Source of classification or shelving scheme Damaged status Not for loan Home library Current library Shelving location Date acquired Cost, normal purchase price Total Checkouts Full call number Barcode Date last seen Date last checked out Copy number Cost, replacement price Price effective from Koha item type
    Dewey Decimal Classification     London London Folio 10/09/2002 13.95 9 F346.41013 DIS 30066521 06/08/2019 26/05/2005 1 13.95 06/08/2019 Book
    Dewey Decimal Classification     London London Folio 15/02/2006     F346.41013 DIS 30071564 06/08/2019   2   06/08/2019 Book
    Dewey Decimal Classification     Virtual Virtual Online 16/10/2003     WEB SITE 117207-3001 06/08/2019   1   06/08/2019 Reference material